000
00220nam a22000977a 4500
008
230620b xxu||||| |||| 00| 0 eng d
082
_a
323
_b
CLA
245
_a
Introduction to Human Rights
300
_a
49p
942
_2
ddc
_c
BK
999
_c
1817
_d
1817